MARC

LEADER 00000nam0a2200000 4500
001 120515
005 20231031125036.0
035 |a (RuTPU)RU\TPU\book\130497 
090 |a 120515 
100 |a 20070830d1981 k y0rusy50 ca 
101 0 |a rus 
102 |a RU 
105 |a a z 001zy 
200 1 |a Технико-экономические расчеты в энергетике в условиях неопределенности  |f А. А. Пиковский, В. А. Таратин 
210 |a Ленинград  |c Изд-во ЛГУ  |d 1981 
215 |a 196 с.  |c ил. 
320 |a Библиогр.: с.192-196 
610 1 |a электроэнергетика 
610 1 |a технико-экономические расчеты 
610 1 |a устойчивость 
610 1 |a электроснабжение 
610 1 |a надежность 
610 1 |a энергетические системы 
675 |a 621.311  |v 3 
700 1 |a Пиковский  |b А. А.  |g Александр Александрович 
701 1 |a Таратин  |b В. А.  |g Владимир Александрович 
801 1 |a RU  |b 63413507  |c 20070830  |g PSBO 
801 2 |a RU  |b 63413507  |c 20160220  |g PSBO 
942 |c BK